Statistieken voor Op Muizenjacht: Random Landen!

Klik hier om de quiz te nemen!

Algemene statistieken

  • Deze quiz is 4.565 keer genomen
  • De gemiddelde score is 6 van 10

Antwoorden op de kaart

Antwoorden kleurgecodeerd door een groen-rode schaal op de quizkaart volgens % correct hieronder.
 

Antwoordstatistieken

Land% Correct
China
100%
Mexico
100%
Rusland
100%
Canada
98%
Duitsland
97%
Argentinië
96%
Brazilië
96%
Frankrijk
95%
Kazachstan
93%
Zuid-Afrika
93%
Colombia
91%
India
91%
Peru
91%
Verenigde Staten
91%
Zweden
91%
Australië
90%
Spanje
89%
Venezuela
89%
Algerije
88%
Italië
88%
Libië
88%
Saoedi-Arabië
88%
Mali
87%
Mongolië
87%
Turkije
87%
Marokko
86%
Denemarken
85%
Oekraïne
85%
Polen
85%
Bolivia
84%
Democratische Republiek Congo
84%
Indonesië
84%
Belarus
83%
Egypte
83%
Roemenië
83%
Irak
82%
Ethiopië
81%
Verenigd Koninkrijk
81%
Finland
80%
Japan
80%
Portugal
80%
Soedan
79%
Suriname
79%
Thailand
79%
Bahama's
78%
Madagaskar
78%
Nieuw-Zeeland
78%
Noord-Korea
77%
Chili
76%
Angola
74%
Guatemala
74%
Ierland
74%
Paraguay
74%
Nigeria
73%
België
72%
Mauritanië
72%
Bulgarije
71%
Honduras
71%
Noorwegen
71%
Tanzania
71%
Hongarije
70%
Iran
70%
Laos
70%
Micronesia
70%
Oostenrijk
70%
Ivoorkust
69%
Fiji
68%
Jemen
68%
Uruguay
68%
Afghanistan
67%
Letland
67%
Maleisië
67%
Nederland
67%
Kroatië
66%
Nepal
66%
Niger
66%
Panama
66%
Servië
65%
Turkmenistan
65%
Cambodja
64%
Kenia
64%
Namibië
64%
Nicaragua
64%
Somalië
64%
Cuba
63%
Filipijnen
63%
IJsland
63%
Kameroen
63%
Zimbabwe
63%
Griekenland
62%
Pakistan
62%
Vietnam
62%
Botswana
61%
Ecuador
61%
Ghana
61%
Mozambique
61%
Oezbekistan
61%
Centraal-Afrikaanse Republiek
60%
Litouwen
60%
Tsjechië
60%
Zambia
60%
Bosnië en Herzegovina
59%
Dominicaanse Republiek
59%
Oman
59%
Republiek Congo
59%
Tsjaad
59%
Papoea-Nieuw-Guinea
58%
Zuid-Soedan
57%
Jordanië
56%
Salomonseilanden
56%
Albanië
55%
Comoren
55%
Zwitserland
55%
Costa Rica
54%
Tadzjikistan
54%
Guyana
53%
Israël
53%
Kirgizië
53%
Kiribati
53%
Myanmar
53%
Syrië
53%
Mauritius
52%
Tunesië
51%
Zuid-Korea
51%
Bangladesh
50%
Guinee
50%
Oeganda
50%
Senegal
49%
Slowakije
48%
Tuvalu
48%
Estland
47%
Sierra Leone
47%
Verenigde Arabische Emiraten
47%
Vanuatu
45%
Slovenië
44%
Gabon
43%
Kaapverdië
42%
Maldiven
42%
Malta
42%
Eritrea
41%
Marshalleilanden
41%
Montenegro
41%
Noord-Macedonië
41%
El Salvador
40%
Haïti
40%
Azerbeidzjan
39%
Benin
39%
Seychellen
38%
Cyprus
36%
Moldavië
36%
Lesotho
35%
Sri Lanka
35%
Jamaica
34%
Bhutan
33%
Kosovo
33%
Qatar
32%
Samoa
32%
Liberia
30%
Nauru
30%
Palau
30%
Sao Tomé en Principe
29%
Togo
29%
Belize
28%
Equatoriaal-Guinea
27%
Georgië
27%
Armenië
26%
Burkina Faso
26%
Guinee-Bissau
26%
Rwanda
25%
Tonga
25%
Eswatini
23%
Koeweit
23%
Libanon
23%
Malawi
22%
Taiwan
22%
Oost-Timor
21%
Burundi
18%
Gambia
11%
Brunei
8%
Luxemburg
7%
Trinidad en Tobago
7%
Djibouti
3%

Scoreverdeling

Percentiel versus Aantal Correcte Antwoorden

Procent van Mensen met Elke Score

Uw Scoregeschiedenis

U heeft deze quiz nog niet genomen